000 01620nam a2200229Ia 4500
003 Ost
005 20260507075255.0
008 260507s9999||||xx |||||||||||||| ||und||
020 _a71355799539
040 _cfsecg
041 _aara
082 _a330
100 _aملاك، وسام
_eمؤلف
245 0 _aتطور الفكر الاقتصادي :
_bمن المركنتيلية الى الكلاسيكية /
_c وسام ملاك
260 _aبيروت:
_bدار المنهل اللبناني,
_c2011
300 _a303 صفحة؛
_bإيضاحات ؛
_c24 سم
520 _a1) المركنتيلية في أوروبا : المركنتيلية الفرنسية ، المركنتيلية في بريطانيا و المرتكزات النظرية للمركنتيلية و الثغرات الأهم التي اعترتها 2) الفيزيوقراطية أحد فروع المدرسة الكلاسيكية الفرنسية : أعلام الفيزيوقراطية الأوسع شهرة ، التحليل الأوسع للفيزيوقراطية 3) المدرسة الكلاسيكية : آدم سميث واضع الركائز الأساس للنظرية الكلاسيكية ، نظرية السكان و المردودات المتناقصة و الريع و التفاضلي و الأزمات عند malthus الإسهام الكلاسيكي من خلال ما يعرف بنظام RICARDO قانون SAY و النظرية الكلاسيكية حول النقد .
653 _aالاقتصاد
653 _aالإقتصاد الكلاسيكي
653 _aالفكر الإقتصادي
942 _cكتاب
999 _c43726
_d43726